| 000 | 00352nam a2200109Ia 4500 | ||
|---|---|---|---|
| 008 | 171204s9999 xx 000 0 und d | ||
| 245 | _aTextile Technology and Design : From Interior Space to Outer Space: | ||
| 245 | _cDeborah Schneiderman | ||
| 260 | _c2016 | ||
| 650 | _xPhilosophy of Design | ||
| 856 | _uhttp://down.ebook777.com/061/9781472523754.pdf | ||
| 999 |
_c346341 _d346341 |
||